000 00495nam a22001937a 4500
003 NUST - PNEC
005 20170116180811.0
008 150504b xxu||||| |||| 00| 0 eng d
020 _a0750607467
040 _cLIBRARY
082 _a363.11 JOH
100 _93388
_aRidley John.
245 _aSafety at Work
_cJohn Ridley
250 _a4th ed.
260 _aLondon:
_bButter worth,
_cc 1994.
300 _a794 p . :
650 _93389
_aSafety at work
_xIndustrial safety.
942 _2ddc
_cBK
999 _c63381
_d63381